Statistics for India General Knowledge Quiz 3

Click here to take the quiz!

General Stats

  • This quiz has been taken 19 times
  • The average score is 8 of 12

Answer Stats

Zonal CouncilHintAnswer% Correct
WesternDadra and Nagar Haveli and Daman and Diu (DNHDD)These four areas, along with Goa, were for centuries controlled by which European country?Portugal
100%
PuducherryThis Union Territory of India was once colonised by which European country? Much of the area was then called 'Pondichery'.France
84%
TelanganaTelangana's historic city of Golconda was a 19th century centre of the diamond trade. One of its huge diamonds is (controversially) in the British crown jewels and has a reputation for bad luck. What is it called? K...Koh-i-Noor
79%
KeralaSince 3000BCE this area has been a major exporter of spices, and three quarters of India's spices still come from here. Can you name a spice that Kerala's famous for?Black pepper / Cardamom / Cinnamon / Cloves
74%
Tamil NaduThe capital of this state is Chennai. But what was its name until 1996? It was the central administrative centre for the British in South India during their colonial rule.Madras
74%
SouthernAndhra PradeshThe official language here is spoken by 82m native speakers in India (the 4th largest native spoken language). It's also the fastest growing language spoken in the US. It begins with a T. (I shamefully admit prior ignorance).Telugu
74%
GujaratMost people in Gujarat are vegetarian. You might be served an assortment of dishes arranged on a platter (eg daal, various vegetables, some sprouted pulses, steamed rice, breads, and a papad..mmm). The word for this assortment is... t____?Thali
74%
Lakshadweep'Lakshadweep' means 'one hundred thousand islands' in Sanskrit and Malayalam (there aren't quite that many really). What marine creatures have 'created' the islands?Coral
68%
MaharashtraPune is the second largest city and cultural capital of the state. It has the largest university in the country, and many other educational institutions. As a result, Pune is known as "the ______ of the East".Oxford
68%
KarnatakaKarnataka is home to many nationally protected monuments, including the Gol Gumbaz mausoleum. After the Byzantine Hagia Sophia, this building has the second-largest pre-modern 'what' in the world?Dome
63%
GoaGoa is India's smallest state by area. One of its local (European-influenced) dishes has been embraced by the British. They eat a very very spicy version to show how tough they are to their friends on a night out. It's called...?Vindaloo
47%
Special invitees to Southern Zonal CouncilAndaman and Nicobar IslandsThis Union Territory comprises 572 islands, 37 of which are inhabited. Some of its people are tribes that resist contact. Pearls from the islands feature in which (long) Sherlock Holmes story?The Sign of Four
11%

Score Distribution

Percentile by Number Answered

Percent of People with Each Score

Your Score History

You have not taken this quiz